Quizzes
Events
Quiz Creation
Community
Videos
Private Events
Remove Ads
Sign In
Join for FREE
Feedback
Dark Mode
Quiz Categories
Sports
Geography
Music
Movies
Television
Just For Fun
Miscellaneous
History
Literature
Language
Science
Gaming
Entertainment
Religion
Holiday
For Kids
Quiz Lab
Recent
Popular Today
Quiz Kudos Today
Editor Picks
Curator Picks
Quizzes by...
Day
Popularity
Type
Ratings
Length
Year
Community
Subscriptions
Recent Discussions
Orange Saloon
Badges
Playlists
Quests
Create
Leaderboards
Showdown
Live 5
Trivia Bingo
Activity
Puzzle Library
Sporcle Events
Private Events
Virtual Trivia
Globe League
Become a Host
Pub Owners
SporcleCon
Opinionation
Our Games
Videos
Blog
Mobile Apps
Partnerships
Remove Ads and Go Orange
Feedback
Television
TV Characters
TV Show
Sitcom
Network
Friends
Reality Shows
Cast
South Park
Star Trek
The Simpsons
Doctor Who
Television
TV Characters
TV Show
Sitcom
Network
Friends
Reality Shows
Cast
South Park
Star Trek
The Simpsons
Doctor Who
Random Quiz
Search Sporcle
×
Quiz Lab
Quiz Lab
Television
Cartoons
Click on regions of an image
Click on regions of an image
Picture Click
Best Score? Go Orange.
Find the TV Cartoon Villains Stats
Can you pick the TV cartoon villains?
By
ghcgh
5m
20 Questions
16.9K Plays
16,869 Plays
16,869 Plays
Comments
Comments
Give Quiz Kudos
Give Quiz Kudos
-
- Ratings
hide this ad
Forced Order
Answers have to be entered in order
Answers have to be entered in order
Replay
Link that replays current quiz
Next Quiz
Link to next quiz in quiz playlist
You Got
0%
They Got
Avg Score
82%
Avg Friend Score
Upgrade to see
Score Distribution
Jump to the score distribution portion of the page
Score
0/20
Timer
05:00
0
Plays Today
% Correct
The Joker
Batman
95.7%
Plankton
SpongeBob SquarePants
95.4%
Mom
Futurama
95.1%
Team Rocket
Pokemon
94.5%
Skeletor
He-Man
93.1%
Mr. Burns
The Simpsons
92.7%
Ice King
Adventure Time
91.9%
Elmer Fudd
Looney Tunes
90.8%
Lex Luthor
Superman
90.5%
Dr. Doofenshmirtz
Phineas & Ferb
88.7%
% Correct
Mojo Jojo
The Powerpuff Girls
85.4%
Gargamel
The Smurfs
84%
Shredder
Teenage Mutant Ninja Turtles
80.6%
Dr. Claw
Inspector Gadget
79.6%
Frieza
Dragonball Z
76%
Cobra Commander
G.I. Joe
71.5%
The Monarch
The Venture Bros.
68.7%
Dr. Drakken
Kim Possible
64.4%
No Heart
The Care Bears
62.4%
Aku
Samurai Jack
50.5%
Quiz Playlist
Details
Report
Send in Message
Add To Playlist
Picture Click:
Click on regions of an image
Forced Order:
Answers have to be entered in order
Last Updated: Jun 24, 2018
Quiz Scoreboard
CHALLENGE
Sign Up to Join the Scoreboard
Show All
Scores
Hide
Comments
May contain spoilers
Recently Published
College Basketball Coaching Resumes
by pancakes188
Sports
9m
Billboard Blitz: Fleetwood Mac
by CooCooCachoo
Music
15s
Presidents Visiting Landmarks
by Hejman
History
7m
More to Explore
Quiz From the Vault
Featured Blog Post
Where Did the Easter Bunny Come From?
hide this ad
You Might Also Like...
Tags
Anime Quiz
Cartoons Quiz
TV Characters Quiz
Picture Click
Villains
Today's Top Quizzes in Television
Browse Television
hide this ad
Today's Top Quizzes in Cartoons
Browse Cartoons
Top Contributed Quizzes in Television
1
5-to-1: The Simpsons Families
2
5-to-1: Television Doctors
3
7-to-1: TV Show Settings
4
5-to-1: Streaming Originals
5
One Piece Logic Puzzle
6
Survivor Seasons
7
Survivor Logic Puzzle: Heroes vs. Villains
8
All US Survivor Seasons in Order
9
TV Shows by First Names
10
Survivor Season by Logo
Explore More
Trending Topics
Disney
Crossword
NBA
Kpop
Harry Potter
Anime
Marvel
Pokémon
Country
Puzzle
WWE
Soccer
Song
The Office
NFL
hide this ad
More By:
ghcgh
Quiz
Plays
Rating
Category
Featured
Created
1990s Song Title Beginnings
155,655
4.58
Music
Aug 31, 2017
3 Movies, 1 Missing Word III
148,798
4.54
Movies
Mar 6, 2016
3 Movies, 1 Missing Word II
147,920
4.51
Movies
Dec 18, 2015
1980s Song Title Beginnings
139,848
4.68
Music
May 21, 2017
3 Songs, 1 Missing Word II
118,485
4.63
Music
Nov 4, 2015
Go to Creator's Profile
Score Distribution
Quiz Creator Spotlight
ghcgh
Follow
Send a Message
Quizzes Created
-
Created Quiz Play Count
-
More By This Creator
Popular Quizzes Today
1
Find the US States - No Outlines Minefield
2
Find the Countries of Europe - No Outlines Minefield
3
The Countries of the World
4
Find the US States
5
Risky Map Clicking: Biggest States A-Z
6
US States
7
Popular People in 1961
8
Movies - When Are They Set?
More Television Quizzes
TV by Rhyme
Published
Trending Quizzes
Risky Map Clicking: Least Populous States A-Z
1-10 Letter G Words
1-10 Letter F Words
Risky Map Clicking: Next State Alphabetically
Risky Map Clicking: Biggest States A-Z
Recently Updated
Leaping Animals
pecheneg
Reality TV Shows (A-Z)
bhenderson79
Rickey Henderson's Hall of Fame Teammates
pecheneg
Champions League XIs: Arsenal
pecheneg
Quick Pick: Celebrities in WWE's Hall of Fame
aduchscher
A-Z Keypad Blitz II
pecheneg
Multiple Oscar Actors
pecheneg
Mystery Phrase Blitz: Oscar 'Best Actors'
pecheneg
F. Scott Fitzgerald Novels
LTH
Pick 3 Villains
ddd62291
Trending Topics
Crossword
NBA
Marvel
Disney
Kpop
Anime
Harry Potter
Soccer
Country
NFL
The Office
Song
Pokémon
Puzzle
WWE
Your Account Isn't Verified!
In order to create a playlist on Sporcle, you need to verify the email address you used during registration. Go to your
Sporcle Settings
to finish the process.
Report this User
Report this user for behavior that violates our
Community Guidelines
.
Details:
Send Report
Go to the Sporcle.com Mobile Site →
Comments